Hacia una estimación de la demanda de dinero con fines de pronóstico (Registro nro. 15015)

Detalles MARC
000 -LEADER
fixed length control field 00413 a2200133 4500
001 - CONTROL NUMBER
control field ART_6926
005 - DATE AND TIME OF LATEST TRANSACTION
control field 20260410161659.0
008 - FIXED-LENGTH DATA ELEMENTS--GENERAL INFORMATION
fixed length control field 260409a
100 1# - MAIN ENTRY--PERSONAL NAME
Personal name Aguirre, Horacio A.
245 10 - TITLE STATEMENT
Title Hacia una estimación de la demanda de dinero con fines de pronóstico
700 1# - ADDED ENTRY--PERSONAL NAME
Personal name Burdisso, Tamara
700 1# - ADDED ENTRY--PERSONAL NAME
Personal name Grillo, Federico
773 0# - HOST ITEM ENTRY
Title Ensayos Económicos
Related parts - Nº 45 (oct. 2006)
Record control number REV620

No hay ítems disponibles.